Entre dos siglos / (Record no. 180749)

MARC details
000 -LEADER
campo de control de longitud fija 00734nam a2200229 i 4500
001 - NÚMERO DE CONTROL
campo de control 180749
003 - IDENTIFICADOR DE NÚMERO DE CONTROL
campo de control ES-MaACL
005 - FECHA Y HORA DE LA ÚLTIMA TRANSACCIÓN
campo de control 20230929152755.0
008 - DATOS DE LONGITUD FIJA--INFORMACIÓN GENERAL
campo de control de longitud fija 120709s2006 cu |||| |dspa d
020 ## - NÚMERO INTERNACIONAL ESTÁNDAR DEL LIBRO
Número Internacional Estándar del Libro 958-8096-35-9
080 ## - NÚMERO DE LA CLASIFICACIÓN DECIMAL UNIVERSAL
Número de la Clasificación Decimal Universal 821.134.2(729.1)-92"19"
100 1# - ENTRADA PRINCIPAL--NOMBRE DE PERSONA
Nombre de persona Padura, Leonardo.
9 (RLIN) 88220
245 10 - MENCIÓN DEL TÍTULO
Título Entre dos siglos /
Mención de responsabilidad, etc. Leonardo Padura.
260 ## - PUBLICACIÓN, DISTRIBUCIÓN, ETC.
Lugar de publicación, distribución, etc. La Habana, Cuba :
Nombre del editor, distribuidor, etc. IPS - Inter Press Service,
Fecha de publicación, distribución, etc. [2006]
300 ## - DESCRIPCIÓN FÍSICA
Extensión 274 p. ;
Dimensiones 21 cm.
650 #4 - PUNTO DE ACCESO ADICIONAL DE MATERIA--TÉRMINO DE MATERIA
Término de materia o nombre geográfico como elemento de entrada Política y cultura-
Subdivisión geográfica Cuba.
9 (RLIN) 162297
651 #4 - PUNTO DE ACCESO ADICIONAL DE MATERIA--NOMBRE GEOGRÁFICO
Nombre geográfico Cuba-
Subdivisión general Situación social-
Subdivisión cronológica 1989-
9 (RLIN) 150909
852 ## - LOCALIZACIÓN
Ubicación ES-MaACL
Número de control de estantería A-12122
itemnumber 187666
Sublocalización o colección R.147139
Ubicación en estantería Depósito 1
Signatura antigua Olim: N-5127
942 ## - ELEMENTOS DE ENTRADA SECUNDARIOS (KOHA)
Fuente del sistema de clasificación o colocación Clasificación decimal universal
Tipo de ítem Koha Libro impreso
Holdings
Estatus retirado Estado de pérdida Fuente del sistema de clasificación o colocación Estado de daño No para préstamo Biblioteca de origen Biblioteca actual Ubicación en estantería Fecha de adquisición Fuente de adquisición Total de préstamos Signatura topográfica completa Código de barras Visto por última vez Precio de reemplazo Tipo de ítem Koha
    Clasificación decimal universal     Biblioteca del Ateneo de Madrid Biblioteca del Ateneo de Madrid Depósito 1 09/07/2012 Compra   A-12122 1189938 23/02/2023 23/02/2023 Libro impreso